| 000 | 00540cam a2200193 4500 | ||
|---|---|---|---|
| 001 | 520 | ||
| 005 | 20181127161602.0 | ||
| 008 | 011218s2002 inua 001 0 eng | ||
| 010 | _a 2001099566 | ||
| 020 | _a0735712638 | ||
| 100 | 1 | _aSchmitt, Christopher. | |
| 245 | 1 | 0 |
_aDesigning CSS Web pages / _cChristopher Schmitt. |
| 250 | _a1st ed. | ||
| 260 |
_aIndianapolis, Ind. : _bNew Riders, _c2002. |
||
| 300 |
_axxiv, 355 p. : _bill. ; _c24 cm. |
||
| 500 | _aIncludes index. | ||
| 650 | 0 | _aCascading style sheets. | |
| 650 | 0 |
_aWeb sites _xDesign. |
|
| 999 |
_c395 _d395 |
||